Statistics for XXXTentacion Posthumous Songs

Click here to take the quiz!

General Stats

  • This quiz has been taken 41 times
    (39 since last reset)
  • The average score is 12 of 26

Answer Stats

Album/Single/MixtapeHost/Featured ArtistSong Name% Correct
Come Over When You're Sober Pt 2Lil Peep (Host)Falling Down
94%
SingleLil Pump, Swae Lee, Maluma (Feature)Arms Around You
74%
Tha Carter VLil Wayne (Host)Don't Cry
71%
SkinsBad
68%
TrapStar Turnt PopStarPnB Rock (Host)Middle Child
65%
SingleTrippie Redd (Host) Quavo + Ski Mask the Slump God (Feature)Ghostbusters
58%
SkinsGuardian Angel
55%
SkinsI don't let go
55%
SkinsKanye West (Feature)One Minute
52%
Broken Kids ClubCraig Xen (Host)Run it Back
52%
SkinsTrain Food
52%
Members Only Vol 4Sauce!
48%
Members Only Vol 4Bass Santana (Host) Ski Mask the Slump God (Feature)Make Eem Run
45%
SkinsSTARING AT THE SKY
42%
SkinsIntroduction
39%
Spider-Man Into The Spider-Verse SoundtrackLil Wayne (Host) Ty Dollar $ign (Feature)Scared of the dark
39%
Drip GodSauce Walka (Host)Voss
35%
SkinsWhat are you so afraid of?
35%
SkinsWhoa (Mind In Awe)
35%
Members Only Vol 4Bass Santana, Kin$oul, Reddz (Feature)Touch Eem Body
32%
SkinsDifference (Interlude)
29%
Members Only Vol 4Flyboy Tarantino, Kid Trunks, Bass Santana, Kin$oul (Feature)Gassed Up
29%
Members Only Vol 4Bass Santana, Kin$oul, Kid Trunks, Flyboy Tarantino (Feature)Hi Wendy
23%
Members Only Vol 4Killstation (Feature)Rebirth (2016)
19%
SingleMoon Rock
6%
SingleTear Drop
0%

Score Distribution

Percentile by Number Answered

Percent of People with Each Score

Your Score History

You have not taken this quiz since the last reset